000 00425nam a2200121Ia 4500
008 200918s9999 xx 000 0 und d
020 _a978-621-406-168-6
100 _aRevano, Teodoro F. Jr.
245 _cTeodoro F. Revano Jr.
_aComputer system organization with assembly language/
260 _aManila:
_bMindshapers Co., Inc.
_c2018
300 _avii, 426 pages
_c25 cm.
650 _aAssembly languages (electronic computers)
999 _c364292
_d364292